Statistics for 21 Savage Charting Songs (Billboard Hot 100)

Click here to take the quiz!

General Stats

  • This quiz has been taken 23 times
    (4 since last reset)
  • The average score is 23 of 51

Answer Stats

AlbumWeeks OnPeakArtist(s)Song% Correct
beerbongs and bentleys41 Weeks#1 (8 Weeks)Post Malone ft. 21 Savagerockstar
100%
Savage Mode II2 Weeks#3221 Savage & Metro Boomin'Slidin'
67%
Savage Mode II1 Week#7421 Savage & Metro Boomin'Steppin on Niggas
67%
Savage Mode II7 Weeks#921 Savage & Metro Boomin'Runnin
67%
Savage Mode II1 Week#5721 Savage & Metro Boomin'Brand New Draco
67%
Savage Mode II1 Week#5621 Savage & Metro Boomin'My Dawg
67%
Savage Mode19 Weeks#4321 Savage & Metro Boomin'No Heart
67%
Savage Mode21 Weeks#3621 Savage & Metro Boomin' ft. FutureX
67%
Savage Mode II2 Weeks#3321 Savage & Metro Boomin'Many Men
67%
Free Guwop5 Weeks#7421 SavageRed Opps
67%
I Am > I Was23 Weeks#1221 Savagea lot
67%
Savage Mode II18 Weeks#1021 Savage & Metro Boomin' ft. DrakeMr. Right Now
67%
Savage Mode II3 Weeks#1921 Savage & Metro Boomin'Glock in My Lap
67%
Father of Asahd15 Weeks#19DJ Khaled ft. Cardi B & 21 SavageWish Wish
67%
Savage Mode II2 Weeks#2621 Savage & Metro Boomin' ft. Young ThugRich Nigga Shit
67%
Invasion of Privacy20 Weeks#14Cardi B ft. 21 SavageBartier Cardi
67%
I Am > I Was1 Week#9321 Savagegun smoke
33%
Non-Album Single6 Weeks#75Farruko, Nicki Minaj, Bad Bunny, 21 Savage & RvssianKrippy Kush
33%
Savage Mode II1 Week#7621 Savage & Metro Boomin'RIP Luv
33%
Visionland6 Weeks#78YBN Nahmir ft. 21 SavageOpp Stoppa
33%
I Am > I Was1 Week#9521 SavageASMR
33%
Championships1 Week#78Meek Mill ft. 21 SavagePay You Back
33%
Double or Nothing2 Weeks#80Big Sean & Metro Boomin' ft. 21 SavagePull Up N Wreck
33%
NOT ALL HEROES WEAR CAPES1 Week#79Metro Boomin' ft. Travi$ Scott, Kodak Black & 21 SavageNo More
33%
Shiesty Summer1 Week#81Pooh Shiesty ft. 21 SavageBox of Churches
33%
The Bigger Artist1 Week#84A Boogie wit da Hoodie ft. 21 SavageUndefeated
33%
I Am > I Was1 Week#8621 Savage1.5
33%
Without Warning2 Weeks#7321 Savage & Metro Boomin'My Choppa Hate Niggas
33%
Savage Mode II1 Week#9121 Savage & Metro Boomin'Said N Done
33%
Issa Album1 Week#9421 SavageFamous
33%
I Am > I Was1 Week#8821 Savageout for the night
33%
Quavo Huncho1 Week#61Quavo ft. 21 SavagePass Out
33%
I Am > I Was3 Weeks#7321 Savagemonster
33%
Father of 41 Week#49Offset ft. Travi$ Scott & 21 SavageLegacy
33%
Issa Album29 Weeks#1221 SavageBank Account
33%
Lil Uzi Vert vs. The World 22 Weeks#26Lil Uzi Vert & 21 SavageYessirskiii
33%
Non-Album Single14 Weeks#28Drake ft. 21 SavageSneakin'
33%
Without Warning7 Weeks#3521 Savage, Offset & Metro Boomin' ft. Travi$ ScottGhostface Killers
33%
NOT ALL HEROES WEAR CAPES4 Weeks#38Metro Boomin' ft. 21 SavageDon't Come Out the House
33%
NOT ALL HEROES WEAR CAPES4 Weeks#42Metro Boomin' ft. 21 Savage10 Freaky Girls
33%
Culture II2 Weeks#48Migos ft. 21 SavageBBO (Bad Bitches Only)
33%
Non-Album Single2 Weeks#5521 SavageImmortal
33%
Savage Mode II1 Week#7121 Savage & Metro Boomin'No Opp Left Behind
33%
I Am > I Was4 Weeks#5821 Savagecan't leave without it
33%
Savage Mode II1 Week#6121 Savage & Metro Boomin' ft. Young NudySnitches & Rats
33%
Without Warning3 Weeks#6421 Savage, Offset & Metro Boomin' ft. QuavoRap Saved Me
33%
I Am > I Was2 Weeks#6721 Savageall my friends
33%
CrasH Talk1 Week#67ScHoolboy Q ft. 21 SavageFloating
33%
I Am > I Was1 Week#7021 Savagebreak da law
33%
DC41 Week#70Meek Mill ft. Young Thug & 21 SavageOffended
33%
Without Warning1 Week#9921 Savage, Offset & Metro Boomin'Mad Stalkers
33%

Score Distribution

Percentile by Number Answered

Percent of People with Each Score

Your Score History

You have not taken this quiz since the last reset